000 00295nam a22001337a 4500
008 170614b xxu||||| |||| 00| 0 eng d
020 _a9780300101553
041 _aeng
080 _a94
100 _a17
101 _aSHH
245 _aA INSIDER'S GUIDE TO THE UN
_cFASULO,L
942 _2udc
_cBK
999 _c17353
_d17353